000 00354nam a2200133Ia 4500
008 240624s9999 xx 000 0 und d
041 _aeng
082 _a658.45 LAT
100 _aLATA PUSHP
245 _aCOMMUNICATE OR COLLAPSE A HANDBOOK OF EF
260 _c2008
_aNew Delhi
_bPrentice-Hall of India
300 _a290 : p. : cm. ; 24
365 _cRS
_b36
999 _c10099
_d10099